00699nam a2200193Ia 4500999001500000020001800015082001800033245008700051260003000138300001600168440004100184650002200225650002400247650002300271700001600294700002400310942001200334952015900346 c9039d9039 a9788132236146 a307.20954 SUB 0aSubaltern urbanisation in India: an introduction to the dynamics of ordinary towns aNew DelhibSpringerc2017 axxxvi, 614p aExploring urban change in South Asia aUrban development aUrbanizationzIndia aSocial development aDenis, Eric aZerah, Marie-Helene cBK2ddc 00104070aNASSDOCbNASSDOCd2018-01-09eGifted by : Centre for policy Researchi2017-11-23l0o307.20954 SUBp49546r2019-04-18 00:00:00w2019-04-18yBK